000 00217 a2200097 4500
001 40937
100 _aAbdul Karim Ahmad
245 _aTAURJMAN UR Quran
260 _aLahore
_bIslami Acadami
_c
090 _c25185
_d25185
942 _aNUST-CAE
_cM
_c16875
999 _c276010
_d276010